| 000 | 00547nam a2200205Ia 4500 | ||
|---|---|---|---|
| 005 | 20250923145410.0 | ||
| 008 | 008 250917s9999 xx 000 0 eng d | ||
| 037 | _aTextual | ||
| 040 |
_aDSWL _beng _cDSWL |
||
| 041 |
_aeng _2eng |
||
| 084 |
_aOIII, N60 _qDSWL |
||
| 100 |
_aRao, Raja _9834884 |
||
| 245 | 4 |
_aThe serpent and the rope _c by Raja Rao |
|
| 260 |
_aLondon _bJohn Murray _c1960 |
||
| 300 | _a414p. | ||
| 365 |
_aINR _b20 . 0 |
||
| 925 | _g20 . 0 | ||
| 942 |
_cTEXL _hOIII, N60 |
||
| 999 |
_c1450881 _d1450881 |
||